Catálogo

Tiempo de híbridos / (Registro nro. 39973)

Detalles MARC
000 -LEADER
fixed length control field 01863cam a2200421 i 4500
001 - CONTROL NUMBER
control field 39973
003 - CONTROL NUMBER IDENTIFIER
control field Mx-PuUPA
005 - DATE AND TIME OF LATEST TRANSACTION
control field 20251014125256.0
008 - FIXED-LENGTH DATA ELEMENTS--GENERAL INFORMATION
fixed length control field 140415s2014 mx d gr 001 0 mul d
020 ## - INTERNATIONAL STANDARD BOOK NUMBER
International Standard Book Number 968522403X
020 ## - INTERNATIONAL STANDARD BOOK NUMBER
International Standard Book Number 9685224560
040 ## - CATALOGING SOURCE
Original cataloging agency Mx-PuUPA
Language of cataloging spa
Transcribing agency Mx-PuUPA
Modifying agency Mx-PuUPA
Description conventions rda
041 0# - LANGUAGE CODE
Language code of text/sound track or separate title spa
041 0# - LANGUAGE CODE
Language code of text/sound track or separate title cat
043 ## - GEOGRAPHIC AREA CODE
Geographic area code n-mx---
043 ## - GEOGRAPHIC AREA CODE
Geographic area code e-sp---
245 00 - TITLE STATEMENT
Title Tiempo de híbridos /
Remainder of title entre siglos, jóvenes, México - Cataluña /
Statement of responsibility, etc. Rossana Reguillo, Mónica Valdez, José Antonio Pérez-Islas, Carles Feixa, Carme Gomez Granell, coordinadores
250 ## - EDITION STATEMENT
Edition statement Primera edición /
Remainder of edition statement bilingüe
264 #1 - PRODUCTION, PUBLICATION, DISTRIBUTION, MANUFACTURE, AND COPYRIGHT NOTICE
Place of production, publication, distribution, manufacture México, D.F. :
Name of producer, publisher, distributor, manufacturer Instituto Mexicano de la Juventud,
Date of production, publication, distribution, manufacture, or copyright notice 2004
300 ## - PHYSICAL DESCRIPTION
Extent 253 páginas :
Other physical details gráficas,
Dimensions 26 cm
336 ## - CONTENT TYPE
Content type term texto
Fuente rdacontent
Content type code txt
337 ## - MEDIA TYPE
Media type term sin medio
Source rdamedia
Media type code n
338 ## - CARRIER TYPE
Carrier type term volumen
Source rdacarrier
Carrier type code nc
500 ## - GENERAL NOTE
General note Obra con dos portadas y dos textos contrapuestos. La primer mitad corresponde al título: Tiempo de híbridos : entre siglos, jóvenes, México - Cataluña. Temps d' híbrids : entresegles, joves, Cataluya - Mexic.<br/>
501 ## - WITH NOTE
With note Con: Temps d' híbrids : entresegles, joves, Cataluy-Mexic. (241 páginas : gráficas).
650 #7 - SUBJECT ADDED ENTRY--TOPICAL TERM
Source of heading or term armarc
Topical term or geographic name entry element Jóvenes
General subdivision Condiciones sociales
Geographic subdivision México
650 #7 - SUBJECT ADDED ENTRY--TOPICAL TERM
Source of heading or term armarc
Topical term or geographic name entry element Jóvenes
General subdivision Condiciones sociales
Geographic subdivision España
-- Cataluña
700 1# - ADDED ENTRY--PERSONAL NAME
Personal name Reguillo, Rossana,
Relator term coordinador
700 1# - ADDED ENTRY--PERSONAL NAME
Personal name Feixa, Carles,
Relator term coordinador
700 1# - ADDED ENTRY--PERSONAL NAME
Personal name Valdez, Mónica,
Relator term coordinador
700 1# - ADDED ENTRY--PERSONAL NAME
Personal name Gomez-Granell, Carme,
Relator term coordinador
700 1# - ADDED ENTRY--PERSONAL NAME
Personal name Pérez-Islas, José Antonio,
Relator term coordinador
740 10 - ADDED ENTRY--UNCONTROLLED RELATED/ANALYTICAL TITLE
Uncontrolled related/analytical title Temps d' híbrids : entresegles, joves, Catalunya- México.
942 ## - ADDED ENTRY ELEMENTS (KOHA)
Source of classification or shelving scheme Dewey Decimal Classification
Koha item type Libro
Classification part 305.2420972
Item part T55
Existencias
Withdrawn status Lost status Source of classification or shelving scheme Damaged status Not for loan Collection code Home library Current library Shelving location Date acquired Source of acquisition Total Checkouts Full call number Barcode Date last seen Price effective from Koha item type
    Dewey Decimal Classification     General Biblioteca Karol Wojtyla Biblioteca Karol Wojtyla Sala general 03/12/2013 Compra   305.2420972 T55 2004 60002 05/01/2026 03/12/2013 Libro